[Event "Macieja Memorial"]
[Site "Warsaw POL"]
[Date "2024.07.08"]
[Round "11.37"]
[White "Patil, Harshal"]
[Black "Ptaszynski, Szymon"]
[Result "1-0"]
[WhiteElo "1995"]
[BlackElo "1825"]
[EventDate "2024.07.08"]
[PlyCount "73"]

1.Nf3 c5 2.c4 g6 3.g3 Bg7 4.Bg2 Nc6 5.O-O d6 6.Nc3 e5 7.d3 Nge7 8.Rb1 O-O 9.a3 
Be6 10.Qc2 Nd4 11.Nxd4 cxd4 12.Ne4 h6 13.b4 Rc8 14.Qa4 Qd7 15.Qxd7 Bxd7 16.Nxd6 
Rb8 17.Nxb7 Bc6 18.Nc5 Bxg2 19.Kxg2 Rfc8 20.Bd2 f5 21.e3 Nc6 22.b5 dxe3 23.Bxe3 
Nd4 24.Bxd4 exd4 25.Na6 Rb7 26.Rfe1 Kf7 27.a4 Bf8 28.Re5 Rd7 29.c5 Bg7 30.c6 
Bxe5 31.cxd7 Rd8 32.f4 Bd6 33.Rc1 Rxd7 34.Rc4 Be7 35.Nb8 Rd6 36.Nc6 Rd7 37.Ne5+ 1-0

[Event "Macieja Memorial"]
[Site "Warsaw POL"]
[Date "2024.07.08"]
[Round "11.38"]
[White "Zabawski, Grzegorz"]
[Black "Zurkowski, Andrzej"]
[Result "0-1"]
[WhiteElo "1870"]
[BlackElo "1993"]
[EventDate "2024.07.08"]
[PlyCount "68"]

1.e4 d5 2.exd5 Nf6 3.Nc3 Nxd5 4.Nf3 c6 5.d4 Bg4 6.Be2 e6 7.h3 Bxf3 8.Bxf3 Nd7 
9.Nxd5 cxd5 10.O-O Bd6 11.c4 dxc4 12.Bxb7 Rb8 13.Be4 O-O 14.Qe2 Qh4 15.Bc2 Qxd4 
16.Rd1 Qc5 17.Be3 Qc7 18.Bd4 Be5 19.Qe4 g6 20.Bxe5 Nxe5 21.Rab1 Qc5 22.Kh1 Rfd8 
23.f4 Nc6 24.Ba4 Nd4 25.b4 cxb3 26.axb3 Nf5 27.Kh2 Qf2 28.Rd3 Rxd3 29.Qxd3 
Qxf4+ 30.Kg1 Ne3 31.Re1 Nd5 32.Bc6 Nb4 33.Qd7 Nxc6 34.Rf1 Qd4+ 0-1

[Event "Macieja Memorial"]
[Site "Warsaw POL"]
[Date "2024.07.08"]
[Round "11.39"]
[White "Klim, Filip"]
[Black "Obukhava, Anastasiya"]
[Result "1-0"]
[WhiteElo "1993"]
[BlackElo "1770"]
[EventDate "2024.07.08"]
[PlyCount "105"]

1.e4 c5 2.Nf3 e6 3.d4 cxd4 4.Nxd4 a6 5.c4 Qc7 6.Nc3 Nf6 7.Be2 b6 8.O-O Bb7 
9.Qd3 d6 10.f4 Nbd7 11.b4 Be7 12.Be3 Rd8 13.Rac1 Nc5 14.bxc5 dxc5 15.Nxe6 fxe6 
16.Qc2 O-O 17.e5 Ne8 18.Bd3 g6 19.Rcd1 Ng7 20.Rd2 Nf5 21.Bxf5 gxf5 22.Rfd1 Rxd2 
23.Rxd2 Kh8 24.Qd1 Bc6 25.Nd5 exd5 26.cxd5 Rg8 27.dxc6 Qxc6 28.Qc2 Rf8 29.Qc3 
Qe6 30.Qb3 Qxb3 31.axb3 Rd8 32.Ra2 a5 33.Rd2 Rxd2 34.Bxd2 Kg8 35.h3 Kf7 36.g4 
Kg6 37.Kf2 h5 38.Kf3 hxg4+ 39.hxg4 Bd8 40.g5 b5 41.Ke3 Bb6 42.Kd3 Kf7 43.Kc3 
Ke6 44.g6 Bd8 45.Be3 Be7 46.Kd3 Kd7 47.Bd2 Ke8 48.Bxa5 Kf8 49.Bc7 Kg7 50.Bd6 
Bf8 51.Bxf8+ Kxf8 52.e6 Ke7 53.g7 1-0

[Event "Macieja Memorial"]
[Site "Warsaw POL"]
[Date "2024.07.08"]
[Round "11.40"]
[White "Stachniak, Stanislaw"]
[Black "Adamski, Jan"]
[Result "1-0"]
[WhiteElo "1733"]
[BlackElo "1989"]
[EventDate "2024.07.08"]
[PlyCount "125"]

1.Nf3 Nf6 2.c4 e6 3.d4 Bb4+ 4.Bd2 Qe7 5.Nc3 O-O 6.a3 Bxc3 7.Bxc3 Ne4 8.Qc2 Nxc3 
9.Qxc3 d6 10.e3 Nd7 11.Bd3 e5 12.Bc2 Re8 13.O-O Nf6 14.b4 e4 15.Nd2 c5 16.bxc5 
dxc5 17.d5 Qd6 18.h3 Bd7 19.Rab1 b6 20.a4 a5 21.Rb2 Rab8 22.Rfb1 h6 23.Bd1 Qc7 
24.Nf1 Qd6 25.Ng3 g6 26.Ne2 Re7 27.Qd2 Ree8 28.Nc3 Re7 29.Nb5 Bxb5 30.Rxb5 Nd7 
31.Qb2 Rf8 32.Be2 Qc7 33.Qd2 Qd6 34.R1b2 Kg7 35.Qc3+ Qe5 36.Qxe5+ Rxe5 37.g3 f5 
38.Kg2 Rf6 39.h4 g5 40.hxg5 hxg5 41.Rb1 Re8 42.Rh1 Rh8 43.Rxh8 Kxh8 44.Rb1 Kg7 
45.Rd1 Rd6 46.f3 exf3+ 47.Bxf3 Ne5 48.Be2 Nd7 49.Bd3 Rf6 50.e4 f4 51.Rf1 Ne5 
52.Be2 Rf8 53.gxf4 gxf4 54.Kf2 Kf7 55.Rh1 Kg7 56.Bf3 Nxc4 57.Rh5 Re8 58.Rg5+ 
Kf6 59.Rf5+ Ke7 60.e5 Ne3 61.Rxf4 Nc4 62.Bh5 Rf8 63.d6+ 1-0

[Event "Macieja Memorial"]
[Site "Warsaw POL"]
[Date "2024.07.08"]
[Round "11.41"]
[White "Goslawski, Michal"]
[Black "Wojtacha, Krzysztof"]
[Result "1-0"]
[WhiteElo "1987"]
[BlackElo "1656"]
[EventDate "2024.07.08"]
[PlyCount "109"]

1.Nf3 Nf6 2.c4 e6 3.g3 d5 4.Bg2 c6 5.O-O Bd6 6.d4 O-O 7.Nc3 Nbd7 8.Nd2 a6 9.e4 
dxe4 10.Ndxe4 Be7 11.Be3 Nb6 12.b3 a5 13.Qe2 a4 14.c5 Nbd5 15.Nxa4 Nxe4 16.Bxe4 
f5 17.Bxd5 exd5 18.Bf4 Bf6 19.Be5 Rf7 20.f4 Qe7 21.Rfe1 Bxe5 22.Qxe5 Qxe5 
23.Rxe5 Bd7 24.Kf2 Re8 25.Rae1 Rxe5 26.Rxe5 g6 27.Nb6 Kf8 28.Ke3 Be8 29.Nc8 Rd7 
30.Nd6 Bf7 31.Kd3 b6 32.Kc3 b5 33.Kb4 Ra7 34.a4 bxa4 35.bxa4 Ra8 36.a5 Rb8+ 
37.Ka4 Ra8 38.Re3 Ra7 39.Nxf7 Kxf7 40.Rb3 Ke7 41.Rb8 Kd7 42.Rh8 Ke6 43.Re8+ Kf7 
44.Rb8 Ke6 45.Rb6 Kd7 46.a6 Kc7 47.Ka5 Kd7 48.Rb7+ Rxb7 49.axb7 Kc7 50.Ka6 Kb8 
51.Kb6 g5 52.Kxc6 gxf4 53.gxf4 h5 54.Kxd5 h4 55.Ke5 1-0

[Event "Macieja Memorial"]
[Site "Warsaw POL"]
[Date "2024.07.08"]
[Round "11.42"]
[White "Kanarek, Marcel"]
[Black "Pancewicz, Szymon"]
[Result "1-0"]
[WhiteElo "2389"]
[BlackElo "1896"]
[EventDate "2024.07.08"]
[PlyCount "47"]

1.e4 c6 2.Nf3 d5 3.d3 Qc7 4.Nc3 e6 5.d4 Nf6 6.Bd3 dxe4 7.Nxe4 Nxe4 8.Bxe4 Nd7 
9.O-O Nf6 10.Bd3 c5 11.Qe2 Be7 12.c4 O-O 13.dxc5 Bxc5 14.b3 b6 15.Bb2 Be7 
16.Ng5 g6 17.Ne4 Nxe4 18.Bxe4 Bb7 19.Bxb7 Qxb7 20.Qe5 f6 21.Qxe6+ Kg7 22.Rfe1 
Rae8 23.Rad1 Qc8 24.Qxc8 1-0

[Event "Macieja Memorial"]
[Site "Warsaw POL"]
[Date "2024.07.08"]
[Round "11.43"]
[White "Rajlich, Iweta"]
[Black "Kowalski, Witold"]
[Result "1-0"]
[WhiteElo "2379"]
[BlackElo "1867"]
[EventDate "2024.07.08"]
[PlyCount "83"]

1.Nf3 d5 2.g3 Nf6 3.Bg2 c5 4.O-O Nc6 5.c4 d4 6.d3 e5 7.e3 Be7 8.exd4 exd4 9.Bg5 
O-O 10.a3 h6 11.Bxf6 Bxf6 12.Nbd2 Bf5 13.Ne1 Re8 14.Ne4 Be7 15.Nc2 Qd7 16.Qd2 
Bh3 17.Bxh3 Qxh3 18.b4 b6 19.b5 Ne5 20.f4 Ng4 21.f5 Bg5 22.Qg2 Qh5 23.h3 Ne3 
24.Nxe3 Bxe3+ 25.Kh2 Re5 26.f6 Rd8 27.fxg7 Kxg7 28.g4 Qg6 29.Rf5 Rde8 30.Raf1 
Rxf5 31.gxf5 Qxg2+ 32.Kxg2 Rd8 33.a4 f6 34.a5 Ra8 35.Ra1 Rb8 36.axb6 axb6 
37.Ra7+ Kg8 38.Kf3 Bg5 39.Kg4 Kh8 40.h4 Be3 41.Nxf6 Rf8 42.Rh7# 1-0

[Event "Macieja Memorial"]
[Site "Warsaw POL"]
[Date "2024.07.08"]
[Round "11.44"]
[White "Tarasionak, Arseni"]
[Black "Chmiel, Marcin"]
[Result "0-1"]
[WhiteElo "1845"]
[BlackElo "2038"]
[EventDate "2024.07.08"]
[PlyCount "88"]

1.b3 d5 2.Bb2 Bf5 3.d3 e6 4.Nd2 Nf6 5.Ngf3 c5 6.Nh4 Bg6 7.Nxg6 hxg6 8.e4 Nc6 
9.g3 Be7 10.Bg2 O-O 11.O-O b5 12.exd5 exd5 13.c4 a6 14.Rc1 Qd7 15.cxd5 Nxd5 
16.Ne4 Rac8 17.Nxc5 Bxc5 18.Rxc5 Ncb4 19.Rxc8 Rxc8 20.a3 Nc6 21.Qf3 Nde7 22.Rc1 
Nd8 23.Rxc8 Qxc8 24.Qe2 Ne6 25.d4 Nf5 26.d5 Ned4 27.Qe5 Nxb3 28.g4 f6 29.Qe4 
Qc5 30.gxf5 Nd2 31.Qe2 Nc4 32.Bf1 gxf5 33.Bc1 Qxd5 34.Bg2 Qd4 35.Qe1 Ne5 36.Be3 
Qd3 37.Bf1 Nf3+ 38.Kh1 Nxe1 39.Bxd3 Nxd3 40.Kg2 Kf7 41.Kf3 Ke6 42.Ke2 Nb2 
43.Kd2 Nc4+ 44.Kd3 Nxe3 0-1

[Event "Macieja Memorial"]
[Site "Warsaw POL"]
[Date "2024.07.08"]
[Round "11.46"]
[White "Smietanska, Wiktoria"]
[Black "Nowakowski, Maksymilian"]
[Result "1-0"]
[WhiteElo "1975"]
[BlackElo "1791"]
[EventDate "2024.07.08"]
[PlyCount "87"]

1.c4 Nf6 2.Nc3 c5 3.Nf3 b6 4.d4 cxd4 5.Nxd4 e6 6.Ndb5 Bb7 7.Bf4 Na6 8.Nd6+ Bxd6 
9.Bxd6 Nc5 10.Nb5 Na6 11.f3 Bc6 12.Nc3 Nc5 13.e4 Nb7 14.e5 Nxd6 15.Qxd6 Ng8 
16.O-O-O Qe7 17.Qd4 Nh6 18.Bd3 O-O 19.Qe3 Rfd8 20.g4 d5 21.exd6 Rxd6 22.g5 Nf5 
23.Bxf5 Rad8 24.Bc2 a6 25.Rxd6 Rxd6 26.Rd1 b5 27.cxb5 axb5 28.Rxd6 Qxd6 29.Qd3 
Qc7 30.Qxh7+ Kf8 31.Be4 b4 32.Bxc6 Qxc6 33.Qe4 Qc5 34.Qa8+ Ke7 35.Qb7+ Kf8 
36.Qb8+ Ke7 37.Qb7+ Kf8 38.Qb5 Qe3+ 39.Kc2 bxc3 40.bxc3 Qxf3 41.Qd3 Qg2+ 42.Kb3 
Qxg5 43.a4 Qe5 44.Qd8# 1-0

[Event "Macieja Memorial"]
[Site "Warsaw POL"]
[Date "2024.07.08"]
[Round "11.47"]
[White "Charvi, A"]
[Black "Celinski, Kamil"]
[Result "1-0"]
[WhiteElo "1826"]
[BlackElo "1927"]
[EventDate "2024.07.08"]
[PlyCount "87"]

1.e4 e5 2.Nf3 Nc6 3.Bc4 d6 4.O-O Be7 5.c3 Nf6 6.d3 O-O 7.Nbd2 Na5 8.Bb5 a6 
9.Ba4 b5 10.Bc2 c5 11.Re1 Bg4 12.h3 Bh5 13.Nf1 Qc7 14.Ng3 Bg6 15.Nh4 Rfe8 
16.Nhf5 Bf8 17.Qf3 Bxf5 18.Nxf5 g6 19.Nh6+ Kg7 20.Bg5 Ng8 21.Nxg8 Kxg8 22.Rac1 
Nc6 23.Bb3 Bg7 24.Bd5 Rab8 25.Bf6 b4 26.h4 h5 27.Bg5 bxc3 28.bxc3 Nd8 29.g4 
hxg4 30.Qxg4 Ne6 31.Bxe6 Rxe6 32.Kg2 Rf8 33.h5 f5 34.Qh3 Qf7 35.h6 Bf6 36.exf5 
Bxg5 37.fxe6 Qxf2+ 38.Kh1 Bxc1 39.Rxc1 Rf4 40.h7+ Kh8 41.e7 Rh4 42.e8=Q+ Kxh7 
43.Qe7+ Kh6 44.Qexh4+ 1-0

[Event "Macieja Memorial"]
[Site "Warsaw POL"]
[Date "2024.07.08"]
[Round "11.48"]
[White "Galczynski, Maksymilian"]
[Black "Jaszczuk, Piotr"]
[Result "1-0"]
[WhiteElo "1790"]
[BlackElo "1915"]
[EventDate "2024.07.08"]
[PlyCount "109"]

1.e4 c5 2.Nf3 Nc6 3.b4 b6 4.bxc5 bxc5 5.c3 Bb7 6.d4 cxd4 7.cxd4 d5 8.exd5 Qxd5 
9.Nc3 Qa5 10.Bd2 Nf6 11.Bb5 e6 12.O-O Bb4 13.Bxc6+ Bxc6 14.Rc1 O-O 15.Ne5 Bb7 
16.a4 Rad8 17.Nc4 Qf5 18.Qb3 Bxc3 19.Bxc3 Bd5 20.Bb4 Rfe8 21.Qe3 Qg6 22.Qg3 
Qxg3 23.hxg3 Bxc4 24.Rxc4 Nd5 25.Bc5 a6 26.Rb1 e5 27.Rb7 exd4 28.Rxd4 Nc3 
29.Rc4 Ne2+ 30.Kh2 Re6 31.Be3 h6 32.Rcc7 Rf6 33.g4 Nd4 34.g5 Rf5 35.gxh6 Ne6 
36.Rc6 gxh6 37.Rxa6 Rd3 38.Ra8+ Kg7 39.a5 Rh5+ 40.Kg3 Ra3 41.a6 Rg5+ 42.Kf3 
Rf5+ 43.Ke2 Ra2+ 44.Kd3 Ra3+ 45.Kc2 Rfa5 46.a7 Ra2+ 47.Kb3 R5a3+ 48.Kc4 Ra4+ 
49.Kd5 Ra5+ 50.Kc6 Ra6+ 51.Kd7 R2a3 52.Rab8 Rxe3 53.fxe3 Nc5+ 54.Kc7 Nxb7 
55.Kxb7 1-0

[Event "Macieja Memorial"]
[Site "Warsaw POL"]
[Date "2024.07.08"]
[Round "11.49"]
[White "Szarwacki, Dominik"]
[Black "Businski, Karol"]
[Result "1-0"]
[WhiteElo "1897"]
[BlackElo "1595"]
[EventDate "2024.07.08"]
[PlyCount "35"]

1.e4 c5 2.d4 cxd4 3.c3 Nf6 4.e5 Nd5 5.Nf3 e6 6.cxd4 d6 7.exd6 Bxd6 8.Nc3 Be7 
9.Bd3 Nc6 10.O-O O-O 11.Qe2 Nf6 12.Rd1 Kh8 13.h3 Nxd4 14.Nxd4 Qxd4 15.Bxh7 Qh4 
16.Bc2 Bd7 17.Ne4 Bc6 18.Bg5 1-0

[Event "Macieja Memorial"]
[Site "Warsaw POL"]
[Date "2024.07.08"]
[Round "11.50"]
[White "Izafatava, Kira"]
[Black "Lewandowski, Rafal"]
[Result "0-1"]
[WhiteElo "1728"]
[BlackElo "1940"]
[EventDate "2024.07.08"]
[PlyCount "64"]

1.e4 c5 2.Nf3 e6 3.d4 cxd4 4.Nxd4 a6 5.Bd3 g6 6.Be3 Bg7 7.Qe2 Ne7 8.Nd2 O-O 
9.O-O d5 10.c3 Nbc6 11.Nxc6 Nxc6 12.exd5 exd5 13.Nf3 Bg4 14.h3 Be6 15.Bc2 Re8 
16.Rad1 Qc7 17.Qd2 Na5 18.Bd4 Nc4 19.Qc1 Bf8 20.Bb3 b5 21.Rfe1 Bf5 22.Rxe8 Rxe8 
23.Re1 Rxe1+ 24.Nxe1 Qe7 25.Nf3 h5 26.Bxc4 dxc4 27.Qe3 f6 28.Kf1 Kf7 29.Ke2 
Bd3+ 30.Kd2 Qd7 31.Kc1 Qf5 32.Bc5 Bxc5 0-1

[Event "Macieja Memorial"]
[Site "Warsaw POL"]
[Date "2024.07.08"]
[Round "11.51"]
[White "Czajkowski, Adam"]
[Black "Ishvi, Aggarwal"]
[Result "1-0"]
[WhiteElo "2084"]
[BlackElo "1775"]
[EventDate "2024.07.08"]
[PlyCount "77"]

1.e4 e5 2.Nf3 Nc6 3.Bc4 Bc5 4.O-O Nf6 5.d3 d6 6.c3 a6 7.b4 Ba7 8.Nbd2 h6 9.Qe2 
g5 10.Nb3 b5 11.Bd5 Nxd5 12.exd5 Ne7 13.c4 Bg4 14.Be3 O-O 15.Bxa7 Rxa7 16.Qe3 
Ra8 17.Nfd2 f5 18.f3 Bh5 19.Rfc1 Bg6 20.a4 f4 21.Qe2 Rb8 22.Na5 bxc4 23.Rxc4 
Nf5 24.Nc6 Qd7 25.Nxb8 Rxb8 26.Rac1 Rb7 27.Nb3 Qxa4 28.Nd2 Nd4 29.Rxd4 exd4 
30.Qe6+ Bf7 31.Qxh6 Qxb4 32.Qxg5+ Kf8 33.Qd8+ Kg7 34.Ne4 Qb2 35.Qf6+ Kg8 36.Re1 
Rb8 37.Ng5 Rf8 38.Qh6 Qb4 39.Qh7# 1-0

[Event "Macieja Memorial"]
[Site "Warsaw POL"]
[Date "2024.07.08"]
[Round "11.52"]
[White "Zaninotto, Franco"]
[Black "Sprzeczka, Emilia"]
[Result "0-1"]
[WhiteElo "1961"]
[BlackElo "1782"]
[EventDate "2024.07.08"]
[PlyCount "48"]

1.Nf3 Nf6 2.d4 g6 3.g3 Bg7 4.Bg2 O-O 5.O-O d5 6.b3 c5 7.e3 Nc6 8.Bb2 cxd4 
9.exd4 Bf5 10.Nh4 Be6 11.Nd2 Rc8 12.Ndf3 Ne4 13.Ne5 Nxe5 14.dxe5 Qc7 15.c4 Rfd8 
16.cxd5 Bxd5 17.Qd4 Bc6 18.Qxa7 Rd2 19.Ba3 Bxe5 20.Rad1 Rxa2 21.Bxe4 Bxe4 
22.Rc1 Qxc1 23.Rxc1 Rxc1+ 24.Bxc1 Rxa7 0-1

[Event "Macieja Memorial"]
[Site "Warsaw POL"]
[Date "2024.07.08"]
[Round "11.53"]
[White "Wasiluk, Mateusz"]
[Black "Staroszczyk, Mateusz"]
[Result "0-1"]
[WhiteElo "1767"]
[BlackElo "1933"]
[EventDate "2024.07.08"]
[PlyCount "52"]

1.e4 c5 2.Nf3 e6 3.d4 cxd4 4.Nxd4 a6 5.Bd3 Bc5 6.Nb3 Ba7 7.e5 d6 8.exd6 Nc6 
9.O-O Qxd6 10.Qg4 Nge7 11.Qxg7 Rg8 12.Qxh7 Bd7 13.Nc3 O-O-O 14.Qe4 f5 15.Qe2 e5 
16.Bxa6 bxa6 17.Qxa6+ Kb8 18.Na5 Qc7 19.Be3 Bxe3 20.Nxc6+ Qxc6 21.Qxc6 Bxc6 
22.g3 Bd4 23.a4 f4 24.Ne2 fxg3 25.hxg3 Rh8 26.Nxd4 Rh1# 0-1

[Event "Macieja Memorial"]
[Site "Warsaw POL"]
[Date "2024.07.08"]
[Round "11.54"]
[White "Figa, Karolina"]
[Black "Szewczak, Andrzej"]
[Result "1-0"]
[WhiteElo "1764"]
[BlackElo "1921"]
[EventDate "2024.07.08"]
[PlyCount "67"]

1.d4 b5 2.c3 e6 3.Qb3 a6 4.a4 c5 5.axb5 c4 6.Qc2 a5 7.e4 Bb7 8.Bxc4 f5 9.Bd3 
Qb6 10.f3 Nf6 11.Bg5 fxe4 12.fxe4 h6 13.Bh4 g5 14.Bg3 Bg7 15.Ne2 O-O 16.O-O Nh5 
17.Nd2 Nxg3 18.Nxg3 d6 19.Rxf8+ Bxf8 20.Rf1 Nd7 21.Kh1 e5 22.d5 Nc5 23.Be2 Bg7 
24.Nc4 Qc7 25.Nf5 Bf8 26.b6 Qd7 27.b4 axb4 28.cxb4 Na6 29.Qd2 Rc8 30.Bg4 Qb5 
31.Ncxd6 Qxb4 32.Qxb4 Nxb4 33.Nxc8 Bxc8 34.Ne3 1-0

[Event "Macieja Memorial"]
[Site "Warsaw POL"]
[Date "2024.07.08"]
[Round "11.55"]
[White "Binkowska, Agata"]
[Black "Brudzynski, Wojciech"]
[Result "1-0"]
[WhiteElo "1912"]
[BlackElo "1757"]
[EventDate "2024.07.08"]
[PlyCount "79"]

1.e4 c5 2.Nf3 d6 3.d4 cxd4 4.Nxd4 Nf6 5.Nc3 a6 6.Bg5 Nbd7 7.f4 Qc7 8.Qf3 e6 
9.O-O-O Be7 10.Bd3 b5 11.Rhe1 Bb7 12.g4 Rc8 13.Qg3 h6 14.Bh4 Nc5 15.g5 hxg5 
16.Bxg5 b4 17.Nd5 Nxd3+ 18.Rxd3 Bxd5 19.exd5 Nxd5 20.Rd2 Nf6 21.f5 e5 22.Bxf6 
Bxf6 23.Ne2 Bh4 24.Qxg7 Bxe1 25.Qxh8+ Kd7 26.Qh6 Bxd2+ 27.Qxd2 Qc5 28.b3 a5 
29.Ng3 Qg1+ 30.Kb2 Qc5 31.Ne4 Qc6 32.Nf6+ Ke7 33.Nd5+ Kd7 34.Nf6+ Kc7 35.a4 Kb7 
36.Nd5 e4 37.h4 Re8 38.Ne3 Qc5 39.h5 Qe5+ 40.Ka2 1-0

[Event "Macieja Memorial"]
[Site "Warsaw POL"]
[Date "2024.07.08"]
[Round "11.56"]
[White "Bartodziej, Bartosz"]
[Black "Wiatrowski, Blazej"]
[Result "1-0"]
[WhiteElo "1876"]
[BlackElo "1750"]
[EventDate "2024.07.08"]
[PlyCount "61"]

1.e4 g6 2.d4 Bg7 3.Nc3 d6 4.Nf3 Nd7 5.Bc4 Ngf6 6.O-O O-O 7.a4 e5 8.Ba2 Re8 
9.dxe5 dxe5 10.h3 c6 11.Be3 Qc7 12.Qe2 Nf8 13.Rfd1 Be6 14.Bxe6 Nxe6 15.a5 Nh5 
16.g3 Rad8 17.Bxa7 Rxd1+ 18.Nxd1 f5 19.Bb6 Qd6 20.exf5 gxf5 21.Ne3 f4 22.Nc4 
Qd5 23.g4 e4 24.Nfd2 f3 25.Qxe4 Qxe4 26.Nxe4 Nf6 27.Nxf6+ Bxf6 28.Re1 Kf7 
29.Nd6+ Kf8 30.Nxe8 Kxe8 31.Rxe6+ 1-0